Alles mit G (mit Hinweisen) - Statistiken

Allgemein
  • Dieses Quiz wurde 218 mal gespielt
  • Das Durchschnittsergebnis liegt bei 66 aus 100
Antwortstatistiken
Kategorie Hinweis Antwort % Korrekt
Länder Europa Griechenland
95%
Länder Nordamerika Guatemala
95%
Hauptstädte Guatemala Guatemala-Stadt
95%
Länder Südamerika Guyana
92%
Länder Afrika Guinea
91%
Berühmte Personen 1. US-Präsident G{eorge} W{ashington}
88%
Geografisches Allerlei Größte Insel der Welt Grönland
88%
Berühmte Personen Wer wird Millionär? G{ünther} J{auch}
88%
Länder Asien Georgien
87%
Länder Afrika Gambia
86%
Pflanzen & Tiere Schnellstes Landtier Gepard
86%
Pflanzen & Tiere Säugetier mit langem Hals Giraffe
86%
Berühmte Personen Schwedische Aktivistin G{reta} T{hunberg}
86%
Sonstiges Die Milchstraße ist eine… Galaxie
85%
Geografisches Allerlei Beliebter See in Italien Gardasee
84%
Weitere Städte Großstadt in der Schweiz Genf
84%
Länder Afrika Ghana
84%
Essen & Trinken Getränk (Weihnachtsmarkt) Glühwein
84%
Sonstiges Suchmaschine Google
84%
Sonstiges Weltkugel oder Supermarkt Globus
82%
Sonstiges Brücke in San Francisco Golden Gate Bridge
82%
Länder Nordamerika Grenada
82%
Sonstiges Infekt (Influenza) Grippe
81%
Länder Afrika Guinea-Bissau
81%
Berühmte Personen Bundeskanzler 1998-2005 G{erhard} S{chröder}
80%
Essen & Trinken Langes, grünes Gemüse Gurke
80%
Berühmte Personen Bomber der Nation (Fußball) G{erd} M{üller}
79%
Geografisches Allerlei Brit. Halbinsel bei Spanien Gibraltar
79%
Essen & Trinken Süßigkeit von Haribo Gummibärchen
79%
Sonstiges Frauenarzt Gynäkologe
79%
Länder Afrika Gabun
78%
Geografisches Allerlei Fluss durch Indien Ganges
77%
Sonstiges Lasagne-liebende Katze Garfield
77%
Weitere Städte Großstadt in NRW Gelsenkirchen
77%
Geografisches Allerlei US-Bundesstaat Georgia
77%
Pflanzen & Tiere Bierzutat Gerste
77%
Weitere Städte Große Pyramiden + Sphinx Gizeh
77%
Geografisches Allerlei Wüste in Zentralasien Gobi
77%
Pflanzen & Tiere Rasen / Wiese Gras
77%
Sonstiges Tag vor Karfreitag Gründonnerstag
77%
Sonstiges Luxusmodemarke Gucci
77%
Essen & Trinken Ungarisches Fleischgericht Gulasch
77%
Weitere Städte Größte Stadt Schottlands Glasgow
76%
Essen & Trinken Italienische Kartoffelnocken Gnocchi
76%
Essen & Trinken Spirituose mit Wacholder Gin
75%
Pflanzen & Tiere Menschenaffe Gorilla
75%
Pflanzen & Tiere Wasservogel Gans
73%
Sonstiges Verfassung Deutschlands Grundgesetz
73%
Weitere Städte Italienische Hafenstadt Genua
71%
Weitere Städte Dt. Stadt (Kennzeichen G) Gera
71%
Essen & Trinken Niederländischer Käse Gouda
71%
Geografisches Allerlei Größter See der Schweiz Genfer See
70%
Sonstiges Historie, Vergangenheit Geschichte
70%
Essen & Trinken Obst, viele rote Kerne Granatapfel
70%
Pflanzen & Tiere Unterart der Braunbären Grizzlybär
70%
Geografisches Allerlei Meer zw. Mexiko u. Florida Golf von Mexiko
69%
Geografisches Allerlei Schlucht in Arizona, USA Grand Canyon
69%
Sonstiges Eigenmarke von Edeka Gut und günstig
69%
Geografisches Allerlei Größte Insel Europas Großbritannien
68%
Essen & Trinken Griechisches Grillfleisch Gyros
68%
Pflanzen & Tiere Greifvogel Geier
67%
Weitere Städte Zw.größte Stadt Schwedens Göteborg
65%
Pflanzen & Tiere Leuchtkäfer Glühwürmchen
64%
Berühmte Personen Ital. Universalgelehrter G{alileo} G{alilei}
59%
Weitere Städte Großstadt in Niedersachsen Göttingen
58%
Geografisches Allerlei Höchster Berg Österreichs Großglockner
58%
Berühmte Personen Regisseur von Star Wars G{eorge} L{ucas}
57%
Geografisches Allerlei Drittgrößte Kanarische Insel Gran Canaria
57%
Sonstiges Umweltorganisation Greenpeace
57%
Berühmte Personen Britischer Koch G{ordon} R{amsay}
56%
Weitere Städte Hauptstadt der Steiermark Graz
56%
Pflanzen & Tiere Beliebter Familienhund Golden Retriever
55%
Weitere Städte Zweitgrößte Stadt Belgiens Gent
53%
Berühmte Personen Dt. Autor (Die Blechtrommel) G{ünter} G{rass}
53%
Sonstiges Actionkamera GoPro
52%
Berühmte Personen Dt. Politiker (Die Linke) G{regor} G{ysi}
52%
Essen & Trinken Bitterlimonade mit Ingwer Ginger Ale
50%
Berühmte Personen Dt. Nachrichtenmoderatorin G{undula} G{ause}
49%
Essen & Trinken Ital. Blauschimmelkäse Gorgonzola
48%
Essen & Trinken Obst, Zitrusfrucht Grapefruit
46%
Geografisches Allerlei US-Insel im Westpazifik Guam
46%
Pflanzen & Tiere Beet- und Balkonpflanze Geranie
45%
Berühmte Personen Dt. Youtuber und Streamer G{ronkh}
45%
Weitere Städte Großstadt in NRW Gütersloh
45%
Geografisches Allerlei Inselgruppe im Ostpazifik Galapagosinseln
42%
Hauptstädte Guyana Georgetown
40%
Weitere Städte Millionenstadt in China Guangzhou
40%
Sonstiges Dt. Warenhauskette Galeria Kaufhof
39%
Weitere Städte Universitätsstadt (Ostsee) Greifswald
39%
Pflanzen & Tiere Weiße Blätter, gelbe Blüten Gänseblümchen
38%
Weitere Städte Stadt i. Andalusien, Spanien Granada
38%
Sonstiges Paketdienst GLS
37%
Hauptstädte Botswana Gaborone
34%
Pflanzen & Tiere In China heimischer Baum Ginkgo
34%
Pflanzen & Tiere Asiatische Heilpflanze Ginseng
33%
Essen & Trinken Dt. Fruchtgetränke-Marke Granini
32%
Essen & Trinken Isotonisches Sportgetränk Gatorade
25%
Hauptstädte Burundi Gitega
25%
Essen & Trinken Italienischer Schweinespeck Guanciale
18%
Essen & Trinken Italienische Süßigkeit Giotto
6%
Keine übereinstimmenden Quizze gefunden
Verteilung der Resultate
Anzahl Personen mit jedem Resultat
Perzentil nach korrekt beantworteten Fragen
Ihre Resultats-Entwicklung
Sie haben dieses Quiz noch nicht gespielt